Logisztikai reklamációkezelés és központosítása a Robert Bosch európai logisztikai központjában

Bibliográfiai részletek
Szerző: Szekula Donatella
További közreműködők: Hrabovszki Zsuzsa
Dokumentumtípus: Diplomadolgozat
Kulcsszavak:Reklamációkezelés
Logisztika
Robert Bosch
Vevő elégedettség
Online Access:http://dolgozattar.uni-bge.hu/15503

MARC

LEADER 00000nta a2200000 i 4500
001 dolg15503
005 20200327054113.0
008 180504suuuu hu om 000 hun d
040 |a BGE Dolgozattár Repozitórium  |b hun 
041 |a hu 
100 1 |a Szekula Donatella 
245 1 0 |a Logisztikai reklamációkezelés és központosítása a Robert Bosch európai logisztikai központjában  |c Szekula Donatella  |h [elektronikus dokumentum] 
695 |a Reklamációkezelés 
695 |a Logisztika 
695 |a Robert Bosch 
695 |a Vevő elégedettség 
700 1 |a Hrabovszki Zsuzsa  |e ths 
856 4 0 |u http://dolgozattar.uni-bge.hu/15503/1/Szekula_Donatella_szakdolgozat.pdf  |z Dokumentum-elérés 
856 4 0 |u http://dolgozattar.uni-bge.hu/15503/7/HivatalosBejegyzes%20Szekula%20Donatella.pdf  |z Dokumentum-elérés